UK Cabinet September 2021 - Statistics

General Stats
  • This quiz has been taken 19 times
    11 since last reset
  • The average score is 13 of 23
Answer Stats
Office Answer % Correct
Prime Minister Boris Johnson
100%
Home Secretary Priti Patel
100%
Defence Secretary Ben Wallace
90%
Communities Secretary Michael Gove
90%
Chancellor of the Exchequer Rishi Sunak
90%
Health Secretary Sajid Javid
90%
Deputy Prime Minister/Justice Secretary Dominic Raab
80%
Foreign Secretary Liz Truss
80%
Education Secretary Nadhim Zahawi
80%
President for COP26/Minister for the Cabinet Office Alok Sharma
60%
Minister without Portfolio Oliver Dowden
60%
Work and Pensions Secretary Thérèse Coffey
50%
Transport Secretary Grant Shapps
40%
Business Secretary Kwasi Kwarteng
40%
Minister for the Cabinet Office/Chancellor of the Duchy of Lancaster Steve Barclay
40%
Scottish Secretary Alister Jack
30%
International Trade Secretary Anne-Marie Trevelyan
30%
Northern Ireland Secretary Brandon Lewis
30%
Environment Secretary George Eustice
30%
Culture Secretary Nadine Dorries
30%
Welsh Secretary Simon Hart
20%
Minsiter for the Cabinet Office David Frost
10%
Leader of the House of Lords Natalie Evans
10%
No matching quizzes found
Score Distribution
Percent of People with Each Score
Percentile by Number Answered
Your Score History
You have not taken this quiz since the last reset